000 00512nam a22001697a 4500
005 20260420100804.0
008 260420b |||||||| |||| 00| 0 eng d
020 _a978-0-7897-5746-3
050 _aQA 76.9 .A 25 E 27 2016
100 _aEASTTOM, CHUCK
245 _aCOMPUTER SECURITY FUNDAMENTALS
250 _a3
260 _aINDIANAPOLIS. INDIANA,
_bPEARSON EDUCATION, INC,
_c2016,
500 _aINCLUDES INDEX
650 _a1. Computer security 2. Computer networks-Security measures
942 _2lcc
_cBK
999 _c216999
_d216999